Grandes chilenos del Bicentenario

Gardado en:
Detalles Bibliográficos
Formato: Libro
Idioma:Lingua castelá
Publicado: Santiago Comisión Bicentenario, Presidencia de la República 2010
Edición:1a. ed
Subjects:
Tags: Engadir etiqueta
Sen Etiquetas, Sexa o primeiro en etiquetar este rexistro!

MARC

LEADER 00000nam a2200000 a 4500
001 UCG0823
003 CL-VaPUC
008 100408e20100100CL |||||||||||||||||spa|d
020 |a 9789567892204 
082 0 4 |a 923.5  |b GRA  |2 21 
245 1 0 |a Grandes chilenos del Bicentenario 
250 |a 1a. ed 
300 |a 181 p 
942 |c BK 
945 |d 20100408 00:00:00  |a dcastane 
260 |a Santiago  |b Comisión Bicentenario, Presidencia de la República   |c 2010 
650 0 |a Biografías  |9 255210 
650 7 |a GRANDES PERSONAJES  |2 CL-VaPUC  |9 548430 
650 7 |a CHILENOS ILUSTRES  |2 CL-VaPUC  |9 548431 
583 |a last modification  |c 20130620 05:16:00  |k Rodrigo Vera 
999 |c 340346  |d 340344 
952 |0 0  |1 0  |4 0  |6 923_500000000000000_GRA_2010  |7 0  |8 A  |9 434964  |a BIBCUR  |b BIBCUR  |d 2019-11-22  |i 4657764  |o 923.5 GRA 2010  |p 4657764  |r 2025-04-22  |w 2019-11-22  |y BK  |k PER 
952 |0 0  |1 0  |4 0  |6 923_500000000000000_GRA_2010  |7 0  |8 A  |9 434965  |a BIBHIS  |b BIBHIS  |d 2019-11-22  |i 466423K  |o 923.5 GRA 2010  |p 466423K  |r 2025-01-20  |w 2019-11-22  |y BK  |k HIS 
952 |0 0  |1 0  |4 0  |6 923_500000000000000_GRA_2010  |7 0  |8 A  |9 434966  |a BIBHIS  |b BIBHIS  |d 2019-11-22  |i 4664248  |o 923.5 GRA 2010  |p 4664248  |r 2025-01-20  |w 2019-11-22  |y BK  |k HIS 
952 |0 0  |1 0  |4 0  |6 923_500000000000000_GRA_2010  |7 0  |8 A  |9 434967  |a BIBEDU  |b BIBEDU  |d 2019-11-22  |i 4666844  |o 923.5 GRA 2010  |p 4666844  |r 2019-11-22  |w 2019-11-22  |y BK  |k BME 
952 |0 0  |1 0  |4 0  |6 923_500000000000000_GRA_2010  |7 0  |8 A  |9 434968  |a BIBEDU  |b BIBEDU  |d 2019-11-22  |i 4666852  |o 923.5 GRA 2010  |p 4666852  |r 2019-11-22  |w 2019-11-22  |y BK  |k BME